| 000 | 00540nam a2200229Ia 4500 | ||
|---|---|---|---|
| 005 | 20250425162447.0 | ||
| 008 | 250425s9999 xx 000 0 und d | ||
| 041 | _aeng | ||
| 082 | _a639.37252 | ||
| 100 | _aBURGESS, WARREN | ||
| 245 | 0 | _aFISHES OF CALIFORNIA AND WESTERN MEXICO | |
| 250 | _aS.E. | ||
| 260 |
_aEstados Unidos _bT.F.H. _c1984 |
||
| 260 | _aNEW YORK | ||
| 300 | _a2198 | ||
| 650 | _aCALIFORNIA | ||
| 650 | _aMEXICO | ||
| 650 | _aPECES-HISTOLOGIA | ||
| 700 | _aAXELROD, AARON | ||
| 942 | _c01 | ||
| 010 | _a75573 | ||
| 999 |
_c229671 _d229671 |
||